Booba feat ou Boba Fett ? - Statistiques

Statistiques générales
  • Ce quiz a été pris 64 fois
  • Le résultat moyen est 8 sur 10
Statistiques - réponses
Question Réponse % Correct
"Beretta dans la bouche, tu va me remettre." Booba feat
98%
"Le savoir est une arme, je suis calibré, j'lis pas d'bouquin." Booba feat
93%
"Difficile a voir. Toujours est en mouvement l'avenir." Boba Fett
88%
"La peur est le chemin vers le côté obscur." Boba Fett
88%
"La vie c'est dure, ça fais mal dès que ça commence / C'est pour ça qu'on pleure tous à la naissance." Booba feat
88%
"Tellement d'ennemis, si peu d'alliés et les seuls qui m'entourent sont pratiquement tous fous a lier." Booba feat
86%
"La guerre c'est pour la vie, avec nous c'est jamais finis." Booba feat
82%
"Aller Chico met la gomme ! " Boba Fett
81%
"Missa accepter... Avec Maximax d'humilité." Boba Fett
77%
"Je suis un gentil vaurien." Boba Fett
65%
Aucun quiz correspondant
Distribution des résultats
% des personnes avec chaque résultat
Percentile par nombre de réponses
Votre historique - résultats
Vous n’avez pas pris ce quiz